THE VERY CRAZY REALLY BIG EDSHEERAN GINGERFANCLUBQUIZ - Statistics

General Stats
  • This quiz has been taken 6 times
  • The average score is 8 of 15
Answer Stats
Hint Answer % Correct
How many children does he have? 2
100%
What is Ed´s favorite color? Blue
80%
What is Ed´s favorite rapper? Eminem
80%
What is his hair color? Orange
80%
And when was the above released? 2017
60%
From what country is his father Ireland
60%
Is Edward Sheeran religious? Yes
60%
What is his length? 1,73m
40%
Since when has he been active? 2004
40%
Which song did Ed release with Elton John in 2021? Merry Christmas
40%
What car does he have? Mini Cooper S
40%
What was sheeran´s nickname? Teddy
40%
When did Sheeran learn how to play guitar? 1999
20%
How many tattoos does Mr Sheeran have? more than 60
20%
What is sheeran´s third album? ÷
0%
No matching quizzes found
Score Distribution
Percent of People with Each Score
Percentile by Number Answered
Your Score History
You have not taken this quiz